| 000 | 01761nam a2200301 a 4500 | ||
|---|---|---|---|
| 008 | 190711s2015 ||||||||||||||||| || u | ||
| 020 | _a9780521809269 | ||
| 050 | _aTK 7815 Hor | ||
| 100 | _aHorowitz, Paul | ||
| 245 | 1 | 4 |
_aThe art of electronics.( 3rd edition) _c by Paul Horowitz and Winfield Hill |
| 250 | _a3rd edition | ||
| 260 |
_aNew York _bCambridge University Press _c2015 |
||
| 300 | _axxxi, 1192 pages: illustrations | ||
| 337 | _aunmediated | ||
| 338 |
_avolume _2rdacarrier |
||
| 350 | _a85.45 | ||
| 650 | 0 | _aELECTRONIC CIRCUIT DESIGN | |
| 650 | 0 | _aELECTRONICS | |
| 700 | _aHill, Winfield | ||
| 995 |
_aMAIN LIBRARY OPEN ACCESS _e749318 _FCBU-MAIN LIBRARY (Kitwe) _I85.45 _jTK 7815 Hor _M2 _UAVAILABLE _WJul 11, 2019 _y749318 _ZMain Library Open Access Collection |
||
| 995 |
_aSHORT LOAN BOOKS _e750039 _FCBU-MAIN LIBRARY (Kitwe) _I85.45 _jTK 7815 Hor _M5 _UAVAILABLE _WNov 27, 2019 _y750039 _ZShort Loan Collection |
||
| 995 |
_aMAIN LIBRARY OPEN ACCESS _e749321 _FCBU-MAIN LIBRARY (Kitwe) _I85.45 _jTK 7815 Hor _M4 _UOUT _WJul 11, 2019 _y749321 _ZMain Library Open Access Collection |
||
| 995 |
_aMPIKA LIBRARY OPEN ACCESS _e750040 _FCBU-MPIKA LIBRARY _I85.45 _jTK 7815 Hor _M6 _UAVAILABLE _WNov 27, 2019 _y750040 _ZShort Loan Collection |
||
| 995 |
_aMPIKA LIBRARY OPEN ACCESS _e750041 _FCBU-MPIKA LIBRARY _I85.45 _jTK 7815 Hor _M7 _UAVAILABLE _WNov 27, 2019 _y750041 _ZShort Loan Collection |
||
| 995 |
_aMAIN LIBRARY OPEN ACCESS _e749319 _FCBU-MAIN LIBRARY (Kitwe) _I85.45 _jTK 7815 Hor _M1 _UAVAILABLE _WJul 11, 2019 _y749319 _ZMain Library Open Access Collection |
||
| 995 |
_aMAIN LIBRARY OPEN ACCESS _e749320 _FCBU-MAIN LIBRARY (Kitwe) _I85.45 _jTK 7815 Hor _M3 _UAVAILABLE _WJul 11, 2019 _y749320 _ZMain Library Open Access Collection |
||
| 999 |
_c84374 _d84374 |
||